| 000 | 00790nam a2200193Ia 4500 | ||
|---|---|---|---|
| 003 | OSt | ||
| 005 | 20251215111744.0 | ||
| 008 | 210210b2012 xxu||||| |||| 00| 0 eng d | ||
| 040 | _cAL | ||
| 041 | _aKannada | ||
| 082 | _aK894.109 VIVK | ||
| 100 |
_aVIVIDHA LEKHAKARU _997098 _dವಿವಿಧ ಲೇಖಕರು |
||
| 245 |
_aKS narasimhasvamiyavara maisura malligheya parimalada paridhiyalli vimarshalekhana sankalana _b ಕೆ ಎಸ್ ನರಸಿಂಹಸ್ವಾಮಿಯವರ ಮೈಸೂರು ಮಲ್ಲಿಗೆಯ ಪರಿಮಳದ ಪರಿಧಿಯಲ್ಲಿ : ವಿಮರ್ಶಾಲೇಖನ ಸಂಕಲನ |
||
| 260 |
_aBengaluru _bVC Sampada _c2012 |
||
| 300 | _axxvii,239 | ||
| 690 |
_aKannada Poetry Criticism _997099 |
||
| 906 | _a068265 | ||
| 942 |
_2ddc _cBK |
||
| 999 |
_c152803 _d152803 |
||